000 00798nam a2200289 a 4500
999 _c8199
_d8199
001 8199
003 BD - JhCC
005 20180709104913.0
008 871118s1986 enkab 000 0 eng d
020 _a0297791885
020 _a029778725X
035 _a(BD-JhCC)8199
040 _aBD-JhCC
_dBD-JhCC
041 _aeng
050 0 _aTX719
082 _a641/.0944/72
_219
_bCLA 1986
100 1 _aClark, John A.
245 1 0 _aLife and food /
_cJohn A. Clark and Fredrick L. Fitzptrick
260 _aLondon :
_bWeidenfeld & Nicolson,
_c1986
300 _a64 p :
_bill, 1 map ;
_c24 cm
650 0 _aBeverages
_zFrance
_zDordogne.
650 0 _aCooking, French
_xDordogne style.
650 0 _aManners and customs
700 _aFitzptrick, Fredrick L.
942 _2ddc
_cBK